Engineering mechanics : Statics

Salvato in:
Dettagli Bibliografici
Autore principale: Bedford, Anthony
Natura: Libro
Lingua:Undetermined
Pubblicazione: London Pearson Prentice Hall 2005
Soggetti:
Tags: Aggiungi Tag
Nessun Tag, puoi essere il primo ad aggiungerne! !
Thư viện lưu trữ: Trung tâm Học liệu Trường Đại học Cần Thơ
LEADER 00547nam a2200205Ia 4500
001 CTU_92690
008 210402s9999 xx 000 0 und d
020 |c 59.00 
082 |a 620.103 
082 |b B411 
100 |a Bedford, Anthony 
245 0 |a Engineering mechanics : 
245 0 |b Statics 
245 0 |c Anthony Bedford, Wallace Fowler 
260 |a London 
260 |b Pearson Prentice Hall 
260 |c 2005 
650 |a Statics,Mechanics, Applied 
904 |i Tuyến 
980 |a Trung tâm Học liệu Trường Đại học Cần Thơ